[Event "Catalunya-ch Seniors"]
[Site "Santa Susanna"]
[Date "2019.05.24"]
[Round "7"]
[White "Anguera Maestro, Jaime"]
[Black "Costa Trave, Jaume"]
[Result "1-0"]
[WhiteElo "2039"]
[BlackElo "1909"]
[PlyCount "67"]
[EventDate "2019.05.18"]
[EventType "swiss"]
[EventRounds "9"]
[EventCountry "ESP"]
[SourceTitle "CBM 190 Extra"]
[Source "ChessBase"]
[SourceDate "2019.07.15"]
[SourceVersion "1"]
[SourceVersionDate "2019.07.15"]
[SourceQuality "1"]

1. d4 e6 2. Nf3 d5 3. Bf4 Bd6 4. Bg3 Nf6 5. e3 Nbd7 6. Ne5 Ne4 7. Nxd7 Bxd7 8. Bxd6 cxd6 9. Nd2 0-0 10. Bd3 Bc6 11. 0-0 f5 12. f3 Nf6 13. Qe2 Qb6 14. b3 Rac8 15. c3 Nd7 16. a4 a5 17. b4 Nf6 18. Nb3 axb4 19. a5 Qa7 20. cxb4 Bd7 21. b5 e5 22. b6 Qb8 23. Bb5 exd4 24. Nxd4 f4 25. Bxd7 Nxd7 26. Qa2 fxe3 27. Qxd5+ Kh8 28. Ne6 Rf6 29. Ng5 h6 30. Ne4 Rf4 31. Rfe1 Nf6 32. Nxf6 gxf6 33. Rac1 Rc5 34. Qf7 1-0

[Event "EU-ch Seniors 65 19th"]
[Site "Rhodes"]
[Date "2019.04.08"]
[Round "3"]
[White "Anguera Maestro, Jaime"]
[Black "Renman, Nils Gustaf"]
[Result "1/2-1/2"]
[WhiteElo "2039"]
[BlackElo "2358"]
[PlyCount "83"]
[EventDate "2019.04.06"]
[EventType "swiss"]
[EventRounds "9"]
[EventCountry "GRE"]
[SourceTitle "CBM 189 Extra"]
[Source "ChessBase"]
[SourceDate "2019.05.31"]
[SourceVersion "1"]
[SourceVersionDate "2019.05.31"]
[SourceQuality "1"]

1. d4 e6 2. Nf3 f5 3. g3 Nf6 4. Bg2 d5 5. 0-0 Bd6 6. b3 Qe7 7. c4 c6 8. Bb2 0-0 9. a4 Bd7 10. Ba3 Bxa3 11. Nxa3 Be8 12. Ne5 Nbd7 13. Nxd7 Qxd7 14. Nc2 Rd8 15. e3 Bh5 16. Bf3 Bxf3 17. Qxf3 g5 18. Ne1 Ne4 19. Qe2 g4 20. f3 gxf3 21. Nxf3 Rf6 22. Nd2 Nxd2 23. Qxd2 Rg6 24. Qe2 Kh8 25. Rf2 Rdg8 26. Raf1 Rg5 27. Rg2 Qe7 28. Qc2 h5 29. Rf4 Rg4 30. Rxg4 Rxg4 31. cxd5 cxd5 32. h3 Rg7 33. Qe2 Qg5 34. h4 Qh6 35. Kh2 Rc7 36. Qd3 Kh7 37. Re2 Kg6 38. Kg2 Qf8 39. Rc2 Qc8 40. Rxc7 Qxc7 41. Qd2 Qc6 42. Kf2 1/2-1/2

[Event "Barcelona Tres Peons-A 21th"]
[Site "Barcelona"]
[Date "2019.01.09"]
[Round "1.6"]
[White "Valls Sole, Josep"]
[Black "Anguera Maestro, Jaime"]
[Result "1/2-1/2"]
[WhiteElo "1852"]
[BlackElo "2112"]
[PlyCount "150"]
[EventDate "2019.01.09"]
[EventType "swiss"]
[EventRounds "9"]
[EventCountry "ESP"]
[SourceTitle "EXT 2024"]
[Source "ChessBase"]
[SourceDate "2023.10.10"]
[SourceVersion "1"]
[SourceVersionDate "2023.10.10"]
[SourceQuality "1"]

1. e4 d5 2. exd5 Qxd5 3. d4 c6 4. c4 Qd8 5. Nc3 Nf6 6. Be2 Bf5 7. Bf3 e6 8. Nge2 Bd6 9. 0-0 0-0 10. d5 cxd5 11. cxd5 e5 12. Ng3 Bg6 13. Re1 h6 14. Qb3 Na6 15. Be3 b6 16. Qb5 Nb4 17. Rad1 Nc2 18. Re2 Nxe3 19. fxe3 e4 20. Ngxe4 Nxe4 21. Bxe4 Bxe4 22. Nxe4 Bxh2+ 23. Kxh2 Qh4+ 24. Kg1 Qxe4 25. Qd3 Qe5 26. Qd4 Rfe8 27. Qxe5 Rxe5 28. Kf2 Rd8 29. Red2 Rd6 30. Rd4 f5 31. Kf3 Kf7 32. R1d3 Kf6 33. g4 g6 34. gxf5 Rxf5+ 35. Rf4 Ke5 36. Rd2 Rxf4+ 37. exf4+ Kf5 38. Ke3 Rd8 39. d6 Ke6 40. Rg2 Kf5 41. Rd2 Rd7 42. Rd1 h5 43. Rd2 Ke6 44. Rg2 Rg7 45. Rd2 Kd7 46. Ke4 Rf7 47. Ke5 Rf5+ 48. Ke4 Rf6 49. Rg2 Kxd6 50. Rg5 Ke7 51. f5 Rxf5 52. Rxg6 Rf2 53. Rg7+ Kd6 54. Rxa7 Rxb2 55. Kd3 Kc5 56. Rh7 Rh2 57. Kc3 Rh3+ 58. Kb2 Kb4 59. a3+ Ka4 60. Ra7+ Kb5 61. Rh7 h4 62. Rh8 Kc4 63. Rc8+ Kd4 64. Rd8+ Kc5 65. Rc8+ Kb5 66. Rh8 Rh1 67. Rh7 h3 68. Rh4 Kc5 69. Ka2 Kd5 70. Rh6 b5 71. Rh4 Ke6 72. Rh5 h2 73. Kb2 Kf6 74. Rh8 Kg6 75. Rh3 Kg5 1/2-1/2

[Event "Wch Seniors 65 28th"]
[Site "Bled"]
[Date "2018.11.19"]
[Round "2"]
[White "Lederman, Leon S"]
[Black "Anguera Maestro, Jaime"]
[Result "1-0"]
[WhiteElo "2255"]
[BlackElo "2072"]
[PlyCount "91"]
[EventDate "2018.11.18"]
[EventType "swiss"]
[EventRounds "11"]
[EventCountry "SLO"]
[SourceTitle "CBM 187 Extra"]
[Source "ChessBase"]
[SourceDate "2018.11.04"]
[SourceVersion "1"]
[SourceVersionDate "2018.11.04"]
[SourceQuality "1"]

1. e4 e5 2. Nf3 Nc6 3. Bb5 a6 4. Ba4 d6 5. c3 Bd7 6. d4 Nge7 7. Nbd2 g6 8. dxe5 dxe5 9. Nf1 Bg7 10. Bg5 h6 11. Be3 0-0 12. Bc5 b5 13. Bc2 Be6 14. Ne3 Qxd1+ 15. Rxd1 Rfd8 16. Ke2 Bf8 17. a4 Rab8 18. Rxd8 Rxd8 19. axb5 axb5 20. Ra1 Nc8 21. b4 Bxc5 22. bxc5 N8e7 23. Rb1 f5 24. Bd3 f4 25. Nc2 Bc4 26. Bxc4+ bxc4 27. Nb4 Ra8 28. Nd2 Ra5 29. Nxc4 Rxc5 30. Kd3 Na5 31. Nd2 Kf7 32. c4 Ke6 33. Ra1 Nac6 34. Na6 Ra5 35. Nxc7+ Kd7 36. Rxa5 Nxa5 37. Nd5 Nec6 38. c5 Ke6 39. Kc3 g5 40. Nb4 h5 41. Nxc6 Nxc6 42. Kc4 g4 43. Kb5 Nd4+ 44. Kb6 Kd7 45. Nc4 Nc6 46. h4 1-0

[Event "EU-ch Seniors 65 18th"]
[Site "Drammen"]
[Date "2018.08.09"]
[Round "6"]
[White "Vinke, Dietmar"]
[Black "Anguera Maestro, Jaime"]
[Result "1/2-1/2"]
[WhiteElo "2166"]
[BlackElo "2042"]
[PlyCount "33"]
[EventDate "2018.08.04"]
[EventType "swiss"]
[EventRounds "9"]
[EventCountry "NOR"]
[SourceTitle "CBM 186 Extra"]
[Source "ChessBase"]
[SourceDate "2018.08.24"]
[SourceVersion "1"]
[SourceVersionDate "2018.08.24"]
[SourceQuality "1"]

1. Nf3 Nf6 2. g3 g6 3. Bg2 Bg7 4. 0-0 0-0 5. d4 d5 6. c4 c6 7. cxd5 cxd5 8. Ne5 Nc6 9. Nxc6 bxc6 10. Nc3 Bf5 11. Bf4 Nh5 12. Be3 e5 13. h3 Be6 14. dxe5 Bxe5 15. Bd4 Bxd4 16. Qxd4 Qb6 17. e3 1/2-1/2

[Event "EU-ch Seniors 65 18th"]
[Site "Drammen"]
[Date "2018.08.08"]
[Round "5"]
[White "Anguera Maestro, Jaime"]
[Black "Malmdin, Nils Ake"]
[Result "1/2-1/2"]
[WhiteElo "2042"]
[BlackElo "2135"]
[PlyCount "27"]
[EventDate "2018.08.04"]
[EventType "swiss"]
[EventRounds "9"]
[EventCountry "NOR"]
[SourceTitle "CBM 186 Extra"]
[Source "ChessBase"]
[SourceDate "2018.08.24"]
[SourceVersion "1"]
[SourceVersionDate "2018.08.24"]
[SourceQuality "1"]

1. d4 d6 2. c4 e5 3. dxe5 dxe5 4. Qxd8+ Kxd8 5. Nc3 Be6 6. e4 Nd7 7. Bd2 c6 8. 0-0-0 f6 9. f4 Kc7 10. Nf3 h6 11. Kc2 g5 12. f5 Bf7 13. Be3 h5 14. Be2 1/2-1/2

[Event "Barcelona Tres Peons-A 20th"]
[Site "Barcelona"]
[Date "2018.02.14"]
[Round "6.3"]
[White "Anguera Maestro, Jaime"]
[Black "Jimenez Ruano, Adrian"]
[Result "1/2-1/2"]
[WhiteElo "2012"]
[BlackElo "2240"]
[PlyCount "80"]
[EventDate "2018.01.10"]
[EventType "swiss"]
[EventRounds "9"]
[EventCountry "ESP"]
[SourceTitle "EXT 2024"]
[Source "ChessBase"]
[SourceDate "2023.10.10"]
[SourceVersion "1"]
[SourceVersionDate "2023.10.10"]
[SourceQuality "1"]

1. d4 Nf6 2. Nf3 e6 3. Bf4 d5 4. e3 c5 5. c3 Nc6 6. Nbd2 Bd6 7. Ne5 Qc7 8. Bb5 0-0 9. Bxc6 bxc6 10. 0-0 Rb8 11. b3 Ne8 12. Bg3 Ba6 13. Re1 f6 14. Nef3 Bxg3 15. hxg3 f5 16. Ne5 Nf6 17. a3 Bb7 18. b4 c4 19. f3 g6 20. Kf2 Kg7 21. Rh1 Rh8 22. Qg1 Ba8 23. Qh2 h6 24. Ke2 Rbf8 25. g4 fxg4 26. Nxg4 Qxh2 27. Nxh2 Ne8 28. Ng4 Nd6 29. a4 Rb8 30. Rhb1 a6 31. Ne5 Rhd8 32. Nf1 Ne8 33. Kd2 Nf6 34. Ng3 Rb6 35. Ne2 g5 36. Ng3 h5 37. Nh1 Rdb8 38. a5 Rb5 39. Nf2 Rh8 40. Rh1 Rbb8 1/2-1/2

[Event "Barcelona Tres Peons-A 20th"]
[Site "Barcelona"]
[Date "2018.02.07"]
[Round "5.4"]
[White "Costa Trave, Jaume"]
[Black "Anguera Maestro, Jaime"]
[Result "1/2-1/2"]
[WhiteElo "1952"]
[BlackElo "2012"]
[PlyCount "87"]
[EventDate "2018.01.10"]
[EventType "swiss"]
[EventRounds "9"]
[EventCountry "ESP"]
[SourceTitle "EXT 2024"]
[Source "ChessBase"]
[SourceDate "2023.10.10"]
[SourceVersion "1"]
[SourceVersionDate "2023.10.10"]
[SourceQuality "1"]

1. f4 d5 2. Nf3 Nf6 3. e3 g6 4. b3 Bg7 5. Bb2 0-0 6. c4 c6 7. Na3 Bg4 8. Be2 Bxf3 9. Bxf3 e6 10. 0-0 Nbd7 11. Nc2 a5 12. Qe2 Re8 13. d4 Ne4 14. Bxe4 dxe4 15. Kh1 f5 16. g4 a4 17. b4 Rb8 18. Rab1 b5 19. c5 Nf6 20. gxf5 exf5 21. Rg1 Nd5 22. Rg3 a3 23. Ba1 Ra8 24. Qd2 Ra4 25. Rb3 Qd7 26. Rxa3 Rxa3 27. Nxa3 Ra8 28. Nb1 Ra4 29. Bc3 Nxc3 30. Nxc3 Rxb4 31. Rg1 Rc4 32. Qb2 Qa7 33. Qb3 Qa6 34. Ra1 Kf8 35. a4 b4 36. Na2 Bxd4 37. exd4 Rxd4 38. Nxb4 Qe2 39. Nxc6 Rd2 40. Qg3 e3 41. Ne5 Rd1+ 42. Rxd1 Qxd1+ 43. Qg1 Qd5+ 44. Qg2 1/2-1/2

[Event "Barcelona Tres Peons-A 20th"]
[Site "Barcelona"]
[Date "2018.01.31"]
[Round "4.5"]
[White "Anguera Maestro, Jaime"]
[Black "Garcia Ruiz, Adrian"]
[Result "1-0"]
[WhiteElo "2012"]
[BlackElo "1953"]
[PlyCount "59"]
[EventDate "2018.01.10"]
[EventType "swiss"]
[EventRounds "9"]
[EventCountry "ESP"]
[SourceTitle "EXT 2024"]
[Source "ChessBase"]
[SourceDate "2023.10.10"]
[SourceVersion "1"]
[SourceVersionDate "2023.10.10"]
[SourceQuality "1"]

1. d4 Nf6 2. Nf3 d5 3. Bf4 c5 4. c3 e6 5. e3 Bd6 6. Ne5 Nc6 7. Nd2 Bxe5 8. Bxe5 Nxe5 9. dxe5 Nd7 10. f4 0-0 11. Bd3 f6 12. exf6 Nxf6 13. 0-0 c4 14. Bc2 Qb6 15. Rf3 Qxb2 16. e4 Qb6+ 17. Kh1 Bd7 18. e5 Ng4 19. Qe2 Qb2 20. Qd1 Qb6 21. Qe2 Qb2 22. Nb3 g6 23. Rb1 Qxa2 24. Nd4 Qa6 25. Rg3 Rxf4 26. Rxg4 Rxg4 27. Qxg4 Rf8 28. h4 Kg7 29. h5 Rh8 30. Qg5 1-0